Sociálny marketing ako nástroj v kontexte riešenia civilizačných ochorení bakalárska práca

Enregistré dans:
Détails bibliographiques
Auteur principal: Mikulášek, Adam
Collectivité auteur: Obchodná fakulta EU. Katedra marketingu
Autres auteurs: Kukura, Marek, 1995-
Format: Livre
Langue:slovaque
Publié: Bratislava 2024
Tags: Ajouter un tag
Pas de tags, Soyez le premier à ajouter un tag!

MARC

LEADER 00000nbm a2200000 4500
001 0302294
005 20250618083207.8
041 0 |a slo 
044 |a SK 
245 1 0 |a Sociálny marketing ako nástroj v kontexte riešenia civilizačných ochorení  |b bakalárska práca  |c Adam Mikulášek ; školiteľ: Marek Kukura 
264 1 |a Bratislava  |c 2024 
300 |a 44 s. 
100 1 |a Mikulášek, Adam 
700 1 |a Kukura, Marek, 1995- 
710 2 |a Obchodná fakulta EU. Katedra marketingu